K problémom projektovania knižníc riadených počítačom diplomová práca

Podrobná bibliografia
Hlavný autor: Klačanská, Zuzana (Autor)
Ďalší autori: Krištofičová, Eva, 1945- (ini)
Médium: Kniha
Jazyk:slovenčina
Fyzický popis:89 s. 30 cm
Vydavateľské údaje: Bratislava Filozofická fakulta Univerzity Komenského 1983
Predmet:

MARC

LEADER 00000nam a2200000 a 4500
001 vtls001337132
003 SK-MaSNL
005 20260301114514.0
008 240314sm y0 xo r 0010yyslo
035 |a SNK000290126 
040 |a SNK  |b slo  |c SNK  |e AACR2 
044 |a xo  |c SK 
072 7 |a 025  |x Organizácia knižníc a knižničných fondov  |2 konspekt 
072 7 |a 007  |x Teória systémov. Automatické systémy. Kybernetika. Informačné systémy  |2 konspekt 
080 |a 025:004  |2 1981 
080 |a 007+004  |2 1981 
080 |a (043)  |2 1981 
100 1 |a Klačanská, Zuzana  |4 aut  |9 458079 
245 1 0 |a K problémom projektovania knižníc riadených počítačom  |b diplomová práca  |c diplomant: Zuzana Klačanská ; školiteľ: Krištofičová 
260 |a Bratislava  |b Filozofická fakulta Univerzity Komenského  |c 1983 
300 |a 89 s.  |c 30 cm 
650 0 7 |a automatizácia knižničných procesov  |2 SNKPH  |9 4217 
650 0 7 |a informačné systémy  |2 SNKPH  |9 1128 
655 7 |a diplomové práce  |2 SNKPH  |9 70156 
700 1 |a Krištofičová, Eva,  |d 1945-  |4 ini  |9 37046 
999 |c 718656  |d 720586 
952 |t P60, <03>, [BOOK], {603}  |a SNK  |b SNK  |y PREZ  |7 0  |p 17A0070305  |o snkDIP 294  |i snkF 1362/2002  |0 0  |1 0  |4 0  |d 2002-10-21  |l 0  |r 2005-01-02 00:00:00  |w 2026-02-23